000 00436nam a2200121Ia 4500
008 220216s9999 xx 000 0 und d
100 _aBailing LU
245 0 _aDevelopment trend of rubber industry in China in 2000
260 _bInternational Rubber Conference 1997. Rubber Science and Technology: Improving Quality of Life, Kuala Lumpur, Malaysia 6-9 Oct 1997; p553-557
650 _aChina
650 _aRubber industry
942 _cJS
999 _c57084
_d57084